| 000 | 00733nam a2200193 4500 | ||
|---|---|---|---|
| 999 |
_c8254 _d8254 |
||
| 008 | 180105b xxu||||| |||| 00| 0 eng d | ||
| 020 | _a0136868258 | ||
| 082 |
_21986 _aDC 322.6 _bAl2 |
||
| 100 |
_925537 _aAlexander, Gordon J., author. |
||
| 245 |
_aPortfolio analysis / _cGordon J. Alexander, Jack Clark Francis. |
||
| 250 | _aThird edition. | ||
| 260 |
_aEnglewood Cliffs, N.J. : _bPrentice-Hall, _c©1986. |
||
| 300 |
_axiv, 306 pages : _billustrations ; _c24 cm. |
||
| 500 | _aIncludes bibliographical references and indexes. | ||
| 650 | 0 |
_925538 _aPortfolio management _xEconometric models. |
|
| 650 | 0 |
_925539 _aInvestment analysis _xEconometric models. |
|
| 700 |
_925540 _aFrancis, Jack Clark, author. |
||
| 942 |
_2ddc _cDC |
||